| 000 | 00717nam a22002297a 4500 | ||
|---|---|---|---|
| 999 |
_c1617 _d1617 |
||
| 001 | 15299 | ||
| 003 | BD-DhUAP | ||
| 005 | 20200211095444.0 | ||
| 008 | 200203r20102002ii ||||| |||| 001 0 eng d | ||
| 040 |
_aBD-DhUAP _bEng _cBD-DhUAP _dBD-DhUAP |
||
| 082 |
_223 _a347.5406 MON |
||
| 100 | _a Monir , M. | ||
| 245 |
_aLaw of evidence : _bcommentary on the Indian evidence act (1 of 1872) / _cM. Monir ; Revised by H. S. Ursekar. |
||
| 250 | _a6th ed. | ||
| 260 |
_aNew Delhi : _bUniversal law publishing co., _cc2002 [Reprinted 2010]. |
||
| 300 |
_axxii, 1102 pages ; _c24 cm. |
||
| 500 | _aInclude index. | ||
| 650 | _aIndian Evidence Act. | ||
| 650 | _aEvidence (Law). | ||
| 700 | _aUrsekar, H. S. | ||
| 942 |
_2ddc _cBK |
||